LEADER 00391nab a2200133 i 4500 001 000000260928 003 CaOOAMICUS 005 20180831164601.0 008 180831n xx uu u0 0und r 013 $a1784 040 $aSeMil$bita 245 10$a[vedi periodico]. 773 0 $t[2004 : August].$dLeiden ; Boston : Brill, copyr. 2004.$w()137123 996 $6245$a[vedi periodico]$9(OLS)http://semarc/title/309439 LEADER 00558naa a2200145 i 4500 001 000000300939 003 CaOOAMICUS 005 20180831172712.0 008 180831n xx u000 u und u 013 $a8661 040 $aSeMil$bita 100 1 $aMarsili, Salvatore .$0(OLS)http://semarc/name/90336 245 13$aLa Liturgia, momento storico della salvezza. 773 0 $aNeunheuser, Burkhard $tLiturgia, momento nella storia della salvezza.$w()34928 996 $6245$aLa Liturgia, momento storico della salvezza$9(OLS)http://semarc/title/376953